| 000 | 00425nam a2200157Ia 4500 | ||
|---|---|---|---|
| 008 | 220204s9999 xx 000 0 und d | ||
| 082 |
_a630:575 _bMIK |
||
| 245 | 0 | _aModern methods in forest genetics | |
| 260 |
_aBerlin _bSpringer Verlag _c1976 |
||
| 490 | _aProceedings in life sciences | ||
| 650 | _aForest genetics | ||
| 650 | _aGel electrophoresis | ||
| 650 | _aTissue culture | ||
| 700 | _aMIKSCHE, J P | ||
| 942 | _cBK | ||
| 999 |
_c24560 _d24560 |
||